<?xml version="1.0" encoding="UTF-8"?>
<collection xmlns="http://www.loc.gov/MARC21/slim">
 <record>
  <leader>00688nam a2200205   4500</leader>
  <controlfield tag="001">000013047</controlfield>
  <controlfield tag="003">9380</controlfield>
  <controlfield tag="005">20150812150813.0</controlfield>
  <controlfield tag="008">120306s                               sd</controlfield>
  <datafield tag="245" ind1="0" ind2="0">
   <subfield code="a">Phép tính vi phân và tích phân</subfield>
  </datafield>
  <datafield tag="774" ind1=" " ind2=" ">
   <subfield code="d">H.</subfield>
   <subfield code="d">Đại học Sư Phạm</subfield>
   <subfield code="d">1995</subfield>
   <subfield code="g">Tập 1</subfield>
   <subfield code="h">210 tr.</subfield>
   <subfield code="t">giải tích I, II</subfield>
   <subfield code="w">9381</subfield>
  </datafield>
  <datafield tag="774" ind1=" " ind2=" ">
   <subfield code="d">H.</subfield>
   <subfield code="d">Đại học Sư Phạm</subfield>
   <subfield code="d">1995</subfield>
   <subfield code="g">Tập 2</subfield>
   <subfield code="h">271 tr.</subfield>
   <subfield code="o">KD.000970, KD.000971, KD.000972, KD.000973, KD.000974</subfield>
   <subfield code="t">giải tích I, II</subfield>
   <subfield code="w">9382</subfield>
  </datafield>
  <datafield tag="OWN" ind1=" " ind2=" ">
   <subfield code="a">LSP</subfield>
  </datafield>
  <datafield tag="999" ind1=" " ind2=" ">
   <subfield code="a">From the UDN01</subfield>
  </datafield>
  <datafield tag="TYP" ind1=" " ind2=" ">
   <subfield code="a">Monograph</subfield>
  </datafield>
  <datafield tag="TYP" ind1=" " ind2=" ">
   <subfield code="a">Printed language</subfield>
  </datafield>
  <datafield tag="980" ind1=" " ind2=" ">
   <subfield code="a">Mạng thư viện Đại học Đà Nẵng</subfield>
  </datafield>
 </record>
</collection>
